| 000 | 00925nam a22002657a 4500 | ||
|---|---|---|---|
| 999 |
_c6690 _d6690 |
||
| 003 | AR-CdUCM | ||
| 008 | 190319b ||||| |||| 00| 0 spa d | ||
| 020 | _a84-205-0552-8 | ||
| 020 | _a0-13-599589-2 | ||
| 040 |
_aMUNICIPALIDAD PROVINCIAL DEL CUSCO _cBIBLIOTECA MUNICIPAL DEL CUSCO |
||
| 082 |
_a541 / _bD58 |
||
| 100 |
_aDepuy, CH. H. _918816 |
||
| 245 | _aReacciones Moleculares y Fotoquímica / | ||
| 260 |
_aMadrid : _bAlhambra, _c1975. |
||
| 300 |
_a177 paginas ; _bIlustraciones, graficas, dibujos, _c20cm. |
||
| 440 |
_aExedra - Ciencia tecnica ingenieria _n108 _918817 |
||
| 505 | _aContenido: trasposiciones -- exitacion fotoquimica -- reaciiones quimicas -- mecanismos -- cicloadicion. | ||
| 650 |
_aQuimica _94512 |
||
| 650 |
_aCicloadición _918818 |
||
| 650 |
_aFotoquimicas _918819 |
||
| 650 |
_aLibro de enseñanza _918820 |
||
| 700 |
_aChapman, O. L. _918821 |
||
| 942 |
_2ddc _cLIBROS |
||
| 945 | _apjha | ||